Statistics for Gorillaz Discography

Click here to take the quiz!

General Stats

  • This quiz has been taken 52 times
    (20 since last reset)
  • The average score is 11 of 18

Answer Stats

Year Name Type % Correct
2010Plastic BeachAlbum
100%
2001GorillazAlbum
100%
2018The Now NowAlbum
100%
2005Demon DaysAlbum
100%
2017HumanzAlbum
100%
2011The FallAlbum
88%
2020Song Machine, Ep. 2EP
81%
2020Song Machine, Ep. 1EP
81%
2020Song Machine, Ep. 3EP
81%
2007D-SidesCompilation
63%
2002G SidesCompilation
63%
2002Laika Come HomeRemix Album (Collab)
50%
2006Demon Days LiveVideo Album
25%
2006Phase Two: Slowboat to HadesVideo Album
13%
2011The Singles Collection 2001-2011Compilation
13%
2002Phase One: Celebrity Take DownVideo Album
13%
2000Tomorrow Comes TodayEP
13%
2010iTunes SessionEP
6%

Score Distribution

Percentile by Number Answered

Percent of People with Each Score

Your Score History

You have not taken this quiz since the last reset